000 00418nam a2200157 i 4500
001 60284
003 ES-MaACL
005 20230906164212.0
007 t|
008 031104s1969 sp ||||1| spa d
100 1 _aEspeja, Jesús.
_947792
245 1 0 _aAcampa entre nosotros /
_cJesús Espeja.
260 _aVillava (Pamplona) :
_bOPE,
_c[1969]
300 _a100 p. ;
_c19 cm.
852 _aES-MaACL
_jC-51621
_bR.69675
999 _c60284
_d60284